LEADER 00552nab a2200145 i 4500 001 000000312129 003 CaOOAMICUS 005 20180831173046.0 008 180831n xx uu u0 0und r 013 $a21221 040 $aSeMil$bita 100 1 $aGemelli, Agostino,$c.$0(OLS)http://semarc/name/2238 245 10$aLetteratura medica intorno alle guarigioni di Lourdes. Note critiche. 773 0 $t[Gennaio-Aprile].$g147-158$w()274194 996 $6245$aLetteratura medica intorno alle guarigioni di Lourdes. Note critiche$9(OLS)http://semarc/title/386616 LEADER 00432naa a2200133 i 4500 001 000000297283 003 CaOOAMICUS 005 20180831172601.0 008 180831n xx u000 u und u 013 $a4810 040 $aSeMil$bita 100 1 $aWeitenberg, Jos J. S.$0(OLS)http://semarc/name/71692 245 10$aEusebius of Emesa and armenian translations. 996 $6245$aEusebius of Emesa and armenian translations$9(OLS)http://semarc/title/373319